000 00651nam a2200217 a 4500
005 20260322212026.0
008 data
010 _a90-038232
020 _a0525249222
020 _a9780525249221
040 _aDonation
099 _aWALTOSI
100 1 _aTrimble, Vance H.
245 1 0 _aSam Walton :
_bthe inside story of America's richest man /
_cVance H. Trimble.
260 _aNew York, N.Y., U.S.A.
_bDutton
_c 1990
300 _axiii, 319, [16] p. of plates :
_b ill. ;
_c 24 cm.
650 4 _aBusinessmen
_zUnited States
_vbiography
650 4 _aWal-Mart (Firm)
_xpsychology
_zUnited States
_vbiography
650 4 _aWalton, Sam, 1918-
001 data
999 _c599
_d599